Quizzes
Events
Quiz Creation
Community
Videos
Private Events
Remove Ads
Sign In
Join for FREE
Feedback
Dark Mode
Quiz Categories
Sports
Geography
Music
Movies
Television
Just For Fun
Miscellaneous
History
Literature
Language
Science
Gaming
Entertainment
Religion
Holiday
For Kids
Quiz Lab
Recent
Popular Today
Quiz Kudos Today
Editor Picks
Curator Picks
Quizzes by...
Day
Popularity
Type
Ratings
Length
Year
Community
Subscriptions
Recent Discussions
Orange Saloon
Badges
Playlists
Quests
Create
Leaderboards
Showdown
Live 5
Trivia Bingo
Activity
Puzzle Library
Sporcle Events
Private Events
Virtual Trivia
Globe League
Become a Host
Pub Owners
SporcleCon
Opinionation
Our Games
Videos
Blog
Mobile Apps
Partnerships
Remove Ads and Go Orange
Feedback
Sports
Athletes
MLB
NBA
NHL
NFL
Soccer
Sports Teams
WWE
NCAA
Football
Premier League
Basketball
Baseball
Hockey
Golf
Tennis
Cricket
Rugby
Auto Racing
Olympics
World Cup
Sports
Athletes
MLB
NBA
NHL
NFL
Soccer
Sports Teams
WWE
NCAA
Football
Premier League
Basketball
Baseball
Hockey
Golf
Tennis
Cricket
Rugby
Auto Racing
Olympics
World Cup
Random Quiz
Search Sporcle
×
Quiz Lab
Quiz Lab
Sports
NBA
Type in answers that appear in a list
Type in answers that appear in a list
Classic
Best Score? Go Orange.
Top 25 best NBA international players Stats
Can you name the Top 25 best NBA international players of all-time?
By
baum2525
8m
25 Questions
2,463 Plays
2,463 Plays
2,463 Plays
Comments
Comments
Give Quiz Kudos
Give Quiz Kudos
-
- Ratings
hide this ad
More Info
Replay
Link that replays current quiz
Next Quiz
Link to next quiz in quiz playlist
You Got
0%
They Got
Avg Score
59%
Avg Friend Score
Upgrade to see
Score Distribution
Jump to the score distribution portion of the page
Score
0/25
Timer
08:00
0
Plays Today
teams played for
Name
% Correct
Los Angeles Lakers/
Memphis Grizzlies
Pau Gasol
98%
Dallas Mavericks/
Pheonix Suns
Steve Nash
97.9%
Dallas Mavericks
Dirk Nowitzki
97.7%
Houston Rockets
Yao Ming
89.3%
Houston Rockets
Hakeem Olajuwon
77.1%
Chicago Bulls
Luol Deng
75%
San Antonio Spurs
Tony Parker
74.8%
Los Angeles Lakers/
Sacremento Kings
Vlade Divac
74.5%
Denver Nuggets
Nene
70.6%
Utah Jazz
Andrei Kirilenko
70.5%
Sacremento Kings/
New Orleans Hornets
Peja Stojakovic
68.1%
Houston Rockets
Dikembe Mutombo
67.9%
Pheonix Suns
Leandro Barbosa
63.1%
teams played for
Name
% Correct
Orlando Magic
Hedo Turkoglu
55.3%
New York Knicks
Patrick Ewing
52.1%
Chicago Bulls/
Detroit Pistons
Ben Gordon
51.9%
Seattle Super Sonics/
Dallas Mavericks
Detlef Schrempf
50.3%
Indiana Pacers
Rik Smits
46.3%
Chicago Bulls
Toni Kukoc
45.9%
Portland Trail Blazers
Arvydas Sabonis
43%
San Antonio Spurs
Manu Ginobli
41.6%
Portland Trail Blazers/
New Jersey Nets
Drazen Petrovic
35.5%
Los Angeles Lakers/
Boston Celtics
Rick Fox
23.2%
Orlando Magic/
Miami Heat
Rony Seikaly
14.5%
Los Angeles Lakers/
Milwaukee Bucks
Swen Nater
3.5%
Quiz Playlist
Details
Report
Send in Message
Add To Playlist
More Info:
this is not in order, you need the players full name, this is the best international players of all time
Classic:
Type in answers that appear in a list
Last Updated: May 4, 2018
Quiz Scoreboard
CHALLENGE
Sign Up to Join the Scoreboard
Show All
Scores
Hide
Comments
May contain spoilers
Recently Published
Movies - When Are They Set?
by FPL_Elf
Movies
5m
Popular People in 1961
by mucciniale
History
6m
1-10 Letter E Words III
by El_Dandy
Language
2m
More to Explore
Quiz From the Vault
Featured Blog Post
Where Did the Easter Bunny Come From?
hide this ad
You Might Also Like...
Tags
Basketball Quiz
NBA Quiz
birth
International
place
Player
team
Top 25
Today's Top Quizzes in Sports
Browse Sports
hide this ad
Today's Top Quizzes in NBA
Browse NBA
Top Contributed Quizzes in Sports
1
Les meilleurs buteurs des matchs entre le PSG et l’OM
2
Les entraîneurs de l'OM et du PSG au 21e siècle
3
FIFA Club World Cup Champions
4
2022 World Cup Stars
5
Name the Premier League winners with different clubs
6
La finale Lions - Afrique du Sud 2021
7
Criteria MLB: Left Handed Sluggers
8
Players with Multiple 50 Home Run Seasons
9
MLB Players with Two .350 Batting Average Seasons
10
MLB Hall of Famer by Rings
Explore More
Trending Topics
Marvel
Harry Potter
Kpop
Disney
NBA
Anime
Crossword
NFL
Puzzle
The Office
Country
Pokémon
Soccer
WWE
Song
hide this ad
Score Distribution
Quiz Creator Spotlight
baum2525
Follow
Send a Message
Quizzes Created
-
Created Quiz Play Count
-
Popular Quizzes Today
1
Find the US States - No Outlines Minefield
2
Find the Countries of Europe - No Outlines Minefield
3
The Countries of the World
4
Popular People in 1961
5
1-10 Letter E Words III
6
US States
7
Find the US States
8
One Thing in Common: World Cities II
More Sports Quizzes
Quick Pick - Chicago Bulls 50-Point Scorers
Quiz Lab
Trending Quizzes
Risky Map Clicking: Least Populous States A-Z
1-10 Letter F Words
1-10 Letter G Words
One Thing in Common: United Kingdom
Risky Map Clicking: Next State Alphabetically
Recently Updated
Leaping Animals
pecheneg
Reality TV Shows (A-Z)
bhenderson79
Rickey Henderson's Hall of Fame Teammates
pecheneg
Champions League XIs: Arsenal
pecheneg
Quick Pick: Celebrities in WWE's Hall of Fame
aduchscher
A-Z Keypad Blitz II
pecheneg
Multiple Oscar Actors
pecheneg
Mystery Phrase Blitz: Oscar 'Best Actors'
pecheneg
F. Scott Fitzgerald Novels
LTH
Pick 3 Villains
ddd62291
Trending Topics
Disney
Crossword
Harry Potter
Kpop
NBA
Anime
Marvel
NFL
The Office
Soccer
Puzzle
Country
WWE
Pokémon
Song
Your Account Isn't Verified!
In order to create a playlist on Sporcle, you need to verify the email address you used during registration. Go to your
Sporcle Settings
to finish the process.
Report this User
Report this user for behavior that violates our
Community Guidelines
.
Details:
Send Report
Go to the Sporcle.com Mobile Site →
Comments